| 000 | 00850nam a22001697a 4500 | ||
|---|---|---|---|
| 003 | OSt | ||
| 005 | 20251126102254.0 | ||
| 008 | 251126b |||||||| |||| 00| 0 eng d | ||
| 040 | _cDCL | ||
| 082 | _a၂၉၄.၃၈၂၃၂၁ | ||
| 130 |
_aတိပိဋက။ _pသုတ္တန္တပိဋက။ _pမဇ္ဈိမနိကာယ။ _tမူလပဏ္ဏာသ၊ _lအဋ္ဌကထာ။ |
||
| 245 |
_aမူလပဏ္ဏာသ အဋ္ဌကထာ ၊ _nပထမတွဲ။ |
||
| 264 |
_aရန်ကုန် ၊ _bနိုင်ငံတော်ဗုဒ္ဓသာသနာအဖွဲ့၊ _c၁၉၇၀။ |
||
| 300 |
_a၄၃၂ စာမျက်နှာ ၊ _c၂၅ စင်တီ။ |
||
| 650 |
_aမူလပဏ္ဏာသ _vအဋ္ဌကထာ။ |
||
| 942 |
_2ddc _cSHORT TERM _n0 |
||
| 999 |
_c2624 _d2624 |
||